[Event "Mechanics' Winter TNM; G/2 d5"]
[Site "San Francisco"]
[Date "2019.01.29"]
[Round "4.1"]
[White "Gaffagan, Steven"]
[Black "Diaz, Conrado"]
[Result "0-1"]
[WhiteElo "2054"]
[BlackElo "2343"]
[PlyCount "96"]
[EventDate "2019.01.08"]
[EventType "swiss"]
[EventRounds "8"]
[EventCountry "USA"]

1. e4 e6 2. d4 d5 3. Nd2 dxe4 4. Nxe4 Bd7 5. Bd3 Bc6 6. Nf3 Nd7 7. O-O Ngf6 8.
Qe2 Be7 9. Bd2 O-O 10. c4 Bxe4 11. Bxe4 Nxe4 12. Qxe4 c6 13. Bc3 Nf6 14. Qe2 a5
15. Rfd1 Re8 16. Rac1 a4 17. Ne5 Bf8 18. Rd3 Nd7 19. Rcd1 Qc7 20. Nxd7 Qxd7 21.
h4 b5 22. c5 Qd5 23. a3 g6 24. Rg3 Bg7 25. Rg5 Qb3 26. Rg3 Qa2 27. h5 Rad8 28.
Rh3 Rd5 29. hxg6 hxg6 30. Qg4 Qc4 31. Qh4 Rh5 32. Qg3 Rxh3 33. Qxh3 Qd5 34. Qg4
Rd8 35. Rd2 Bf6 36. Qg3 Kg7 37. Ba5 Rh8 38. Bc7 Qe4 39. Rd1 Bxd4 40. Qf3 Qxf3
41. gxf3 Bxb2 42. Rd3 Rh5 43. Bd6 Rd5 44. Re3 Bd4 45. Re2 Bxc5 46. Be5+ Rxe5
47. Rxe5 Bxa3 48. Kf1 Bb2 0-1

[Event "Mechanics' Winter TNM; G/2 d5"]
[Site "San Francisco"]
[Date "2019.01.29"]
[Round "4.2"]
[White "Askin, Michael"]
[Black "Ivanov, Aleksandr"]
[Result "0-1"]
[WhiteElo "1993"]
[BlackElo "2171"]
[PlyCount "38"]
[EventDate "2019.01.08"]
[EventType "swiss"]
[EventRounds "8"]
[EventCountry "USA"]

1. d4 Nf6 2. Nf3 c5 3. d5 b5 4. Bg5 Qb6 5. Nc3 b4 6. Na4 Qa5 7. Bxf6 gxf6 8. c4
Bg7 9. Qb3 d6 10. a3 Na6 11. Nd2 O-O 12. e4 Rb8 13. Qd1 f5 14. axb4 Nxb4 15.
Rb1 fxe4 16. Nc3 Bf5 17. g4 Bg6 18. h4 e3 19. Nf3 Bxc3+ 0-1

[Event "Mechanics' Winter TNM; G/2 d5"]
[Site "San Francisco"]
[Date "2019.12.01"]
[Round "4.3"]
[White "Winslow, Elliott C"]
[Black "Rudyak, Felix"]
[Result "1-0"]
[WhiteElo "2318"]
[BlackElo "1892"]
[Annotator "Winslow,Elliott"]
[PlyCount "45"]
[EventDate "2019.01.08"]
[EventType "swiss"]
[EventRounds "8"]
[EventCountry "USA"]

1. d4 d5 2. c4 Nc6 3. Nc3 {I saw some article very recently on this, which now
I can't find, which happened to be on the very line he played. A sort of luck.}
dxc4 4. d5 Ne5 (4... Na5 5. Qa4+ c6 6. b4 b5 (6... cxb3 7. axb3 e6 8. Bd2 $1
Nxb3 (8... b6 9. dxc6 Ne7 {Black could well survive}) 9. Qxb3 exd5 10. e4 {
stays exciting})) 5. f4 {The main move nowadays, and the subject of the
article. Unfortunately for me all I remembered was that Black has three moves
for the knight, not what to do after them!} (5. Qd4) (5. Bf4 Ng6 6. Bg3 e5 {
even has a plus score for Black --} {but wait! There's} 7. h4 $5 {(2W 1D)})
5... Ng6 (5... Nd7 6. e4 Nb6) (5... Ng4 6. e4 e5 7. f5 (7. Nf3)) 6. e4 e5 (6...
e6) 7. f5 N6e7 $2 $18 {This traffic jam should be fatal.} ({Better or worse,
Black has to try} 7... Nf4 $5 8. Nf3 Bd6 ({Someone won a game with} 8... Qf6 {
but} 9. Qa4+ Bd7 10. Qxc4 {is very annoying --} {the natural} Bd6 $4 {runs into
} 11. g3 Nh5 $2 12. Bg5) 9. Qa4+ Bd7 10. Qxc4 Qe7 11. g3 Nh5 {when, so help me,
Stockfish is enamored with} 12. Rg1) 8. Nf3 f6 (8... g6 $5 {(no, still
horrible)} {All bordering on overwhelming are} 9. Bxc4 (9. Nxe5) (9. Bg5) (9.
fxg6)) 9. Bxc4 g6 (9... Bd7 10. Qb3 Qc8 11. Be3 Nh6 12. Rc1 Nf7) (9... a6 10.
Be3 (10. d6 Qxd6 11. Qb3 Qb6 12. Bf7+ Kd8 13. Qxb6 cxb6 14. Be3 b5 15. Rc1 $1
Nh6 16. Bxh6 gxh6 17. Ke2 $1) 10... Qd6 (10... g6 11. d6 $1 {Remember the
warning, not to play ...f6 too early, if at all?} cxd6 (11... Qxd6 12. Qb3) 12.
Qb3 Bh6 13. Bb6 Qd7 14. Rd1) 11. Nd2 $1 {followed by a bishop move and Nd2-c4,
and Black is completely disorganized (and lost).}) 10. g4 {Damned computer!} ({
It makes} 10. Be3 $1 {(best)}) (10. Qb3) (10. O-O) (10. Nh4) (10. fxg6) (10.
Qe2 {as all better than my move}) (10. Nd2) (10. d6 {also works "as usual" (+-)
} Qxd6) 10... h5 $6 {[#]} (10... a6) 11. g5 $1 {(hitting the detonator when
Black is undeveloped)} gxf5 12. gxf6 $6 (12. Qb3 f4 ({Is} 12... Bh6 {even a
consideration??}) 13. Bxf4 $1 exf4 14. d6 $1 cxd6 15. Bf7+ Kd7 16. O-O-O {
just like that.}) 12... Nxf6 13. Nxe5 {Stockfish prefers pretty much anything:}
(13. Qb3 Rh7) 13... fxe4 {[#]} (13... Bg7) (13... Qd6 14. Qd4 {was my intention
} c5 (14... a6 15. Nf7 $1) (14... Nc6 15. Nxc6 bxc6 16. e5) 15. Nb5) (13... Ng4
14. Nxg4 hxg4 (14... fxg4 15. Qd4 (15. O-O)) 15. Qe2 $5 {(The computer keeps
surprising me)}) (13... Rh7 14. Bg5 Qd6 15. Bb5+ Bd7 16. Nc4 Qc5 17. Be3 Qb4
18. a3) 14. d6 $5 ({Even better was} 14. Qa4+ $1 Bd7 15. d6) 14... Qxd6 15.
Qxd6 $2 (15. Bf7+ $1 Kd8 16. Bg5 Nh7 17. Nxe4 {really pushes Black down the
elevator shaft}) 15... cxd6 16. Bf7+ $1 ({My first thought was} 16. Nf7 {but}
d5 $1 17. Nxh8 dxc4 18. Bg5 Nh7 19. Bxe7 Bxe7 20. Ng6 {is too many pawns})
16... Kd8 17. Bg5 $1 Bg7 $6 (17... Nh7 $5 18. Bxe7+ Bxe7 (18... Kxe7 19. Nd5+
Kd8 20. Ng6 Bg7 21. Nxh8 Bxh8 22. Rg1) 19. Ng6 Rf8 $1 (19... Bf6) 20. Nxf8 Nxf8
21. Bxh5 {will require quite a bit of technique}) (17... dxe5 18. Bxf6 Rh6 19.
Rd1+ Bd7 20. Nd5 $1 Bg4 21. Nxe7+ Bxd1 22. Ng6+ Kc7 23. Kxd1 {yow!}) 18. O-O-O
$2 {similar to the "wrong rook" scenario} (18. Rd1 $1 {turns out, of course,
to be a lot better.}) 18... Kc7 19. Nb5+ Kb6 $6 {[#]} (19... Kb8 $1 20. Rxd6
Bh6 $1 {The difference!} 21. h4 a6 22. Nc3 Bxg5+ 23. hxg5 Ng4 24. Nxg4 Bxg4 25.
Re1 Nf5 26. Rf6 e3 27. Bg6 Ng3 28. Rxe3 h4 29. Ne4 {White wants that bishop on
e4!}) 20. Nxd6 $1 (20. Bxf6 Bxf6 21. Rxd6+ Kxb5 22. Rxf6 Bf5 {is "0.00"
everywhere...}) 20... Nc6 $6 (20... Bh6 $5 21. h4 {is still advantage White,
but the king lives}) 21. Be3+ (21. Nec4+ $1 Ka6 (21... Kc5 22. Bxf6) 22. Rhe1
$1 {(-e3-a3)} (22. Rhf1)) 21... Kc7 $6 {(#) I was relieved to see this; I
could see he missed a little shot} (21... Ka6 22. Bc4+ Ka5 23. Bc5 $1 {is mate
soon} Nxe5 (23... Nb4 24. Bb5 Be6 25. a4) 24. b4+ Ka4 25. Bb3+ Ka3 26. b5#) (
21... Ka5 {I hadn't worked out anything conclusive.} {The computer is town
between} 22. Nxc6+ ({and} 22. Bd2+ Kb6 23. Nec4+ (23. Be3+ Ka5 {if you've
changed your mind}) 23... Ka6 24. b4 b5 25. a4 $1 bxc4 26. a5 $1 (26. b5+ {
how mundane}) 26... Nxa5 27. bxa5) 22... bxc6 23. Kc2 $3 {I am still
appreciating this move...}) 22. Nb5+ Kb8 23. Bf4 $1 (23. Bf4 Bh6 24. Nxc6#) 1-0

[Event "Mechanics' Winter TNM; G/2 d5"]
[Site "San Francisco"]
[Date "2019.01.29"]
[Round "4.4"]
[White "Drane, Robert"]
[Black "Ye, Win Aung"]
[Result "1/2-1/2"]
[WhiteElo "1800"]
[BlackElo "2229"]
[Annotator "Winslow,Elliott"]
[PlyCount "83"]
[EventDate "2019.01.08"]
[EventType "swiss"]
[EventRounds "8"]
[EventCountry "USA"]

1. e4 d6 2. d4 Nf6 3. Nc3 g6 4. f4 Bg7 5. Nf3 O-O 6. Be3 Ng4 7. Bg1 e5 8. dxe5
dxe5 9. h3 Nh6 10. Qxd8 Rxd8 11. Nd5 Na6 {Ye thought for a long time.} ({
And prefers (by a lot!)} 11... Rxd5 $5 {even though it gets crazy complicated.
(Maybe that's a good thing!)} 12. exd5 exf4 13. O-O-O Nf5 14. Re1 Nd7 15. Re8+
Bf8 16. Bd3 Ng3 17. Rh2 a6 18. Rd8 Kg7 {time to cop out with "it's unclear"
even if the computer goes +/-}) (11... Nc6 12. Nxc7 (12. fxe5) 12... Rb8 13.
fxe5 Nxe5 $2 14. Bxa7) 12. O-O-O {Allows Black's next, but it's still fine} (
12. fxe5 {was my choice (I was sitting next to them)}) (12. Bxa6 bxa6 13. fxe5
Kh8 {has White going} 14. O-O-O {anyway}) 12... Be6 13. Bxa6 (13. fxe5 $1 Bxd5
14. exd5 Nb4 15. Bc4 b5 $5 16. Bxb5 $1 {not that the alternative weren't fine}
Nxa2+ 17. Kb1 Nc3+ $5 18. bxc3 Rdb8 19. c4 a6 20. g4 axb5 21. c5 {Oooooh no --
lava pawns!} f5 (21... Ra3 22. Rd3 $1 Rxd3 23. cxd3 {for a novel pawn center!})
22. exf6 Bxf6 {DO notice the threat} 23. Bd4 $18) 13... bxa6 $6 (13... Bxd5 $5
14. Rxd5 (14. exd5 e4 $5 {but ultimately no}) 14... bxa6 15. fxe5 Nf5 $5 16.
Bc5 {no fun.}) 14. fxe5 Bxd5 15. exd5 Nf5 {Back in the game!?} 16. g4 {Not
really} Bh6+ 17. g5 $6 (17. Kb1 $1 Ne3 18. Bxe3 Bxe3 19. Rhe1 {is a very
wholesome situation, Black's bishop almost a ghost.}) 17... Bg7 (17... Nh4 $1
18. gxh6 Nxf3 {Let's see how White likes having three rook pawns! (Well enough
for the computer to *still* make it +-)}) 18. Bf2 Rd7 19. Rhe1 Re8 20. c4 Rde7
21. c5 (21. Bc5) 21... Rxe5 {No better or worse than anything else, but at
least unbalancing!} 22. Nxe5 Bxe5 23. Kc2 ({If you happen to be a 3 million
nodes per second human you could play} 23. Rxe5 $1 Rxe5 24. d6 cxd6 25. cxd6
Re8 (25... Nxd6 26. Rxd6 Rxg5 27. Rxa6 {and White will win (as long as he
doesn't play like Kramnik vs. Shankland!)}) 26. d7 Rd8 27. Bxa7 {will be up a
rook} Kf8 28. Bc5+) 23... h6 24. Bd4 ({For a while Stockfish's first move was} 
24. Kb1 {until it came to its sensors. (Oops -- it's changed its mind again to
24.Kb1)}) 24... Nxd4+ 25. Rxd4 hxg5 26. d6 (26. Ra4 $1 {mop up pawns, queen})
26... cxd6 27. cxd6 $6 (27. Rxd6 $1 Kg7 28. Rxa6 Re7 29. b4 f5 30. a4 (30. Kb3)
(30. Kd3) (30. b5) ({Heck,} 30. a3 {is overwhelming})) 27... Rc8+ 28. Kd3 f6 (
28... Bxd4 $6 29. d7) 29. Rd5 Rd8 30. d7 Kf7 31. Kc4 Ke7 32. Red1 Bc7 33. Kc5
Rb8 34. Re1+ (34. R1d3 $1 Rxb2 $6 35. d8=Q+ Bxd8 36. Re3+ Kf7 37. Rd7+) (34.
R5d3 $1 {same thing} Rb5+ 35. Kc4 Kd8 36. Rb3 Rxb3 37. axb3 Bb6 38. Rd6) 34...
Be5 35. a4 (35. Re3 $1) 35... Kd8 36. b4 Rb7 {(with a threat!)} 37. Kc4 Rc7+
38. Rc5 Rxd7 39. Rexe5 $4 (39. Rd5 Bd6 (39... Rxd5 40. Kxd5 Bc3 41. Re6) 40.
Re6 Bxb4 41. Rxf6) 39... fxe5 40. Rxe5 Rh7 41. Rxg5 Rxh3 42. Rxg6 1/2-1/2

[Event "Mechanics' Winter TNM; G/2 d5"]
[Site "San Francisco"]
[Date "2019.01.29"]
[Round "4.5"]
[White "Fuentes, Romulo C"]
[Black "Persidsky, Andre"]
[Result "1-0"]
[WhiteElo "2200"]
[BlackElo "1814"]
[PlyCount "93"]
[EventDate "2019.01.08"]
[EventType "swiss"]
[EventRounds "8"]
[EventCountry "USA"]

1. e4 c5 2. Nf3 Nc6 3. Bb5 d6 4. Bxc6+ bxc6 5. b3 e5 6. Bb2 Nf6 7. d3 Be7 8.
Nbd2 Bg4 9. h3 Bh5 10. Qe2 a5 11. a4 Qc7 12. O-O-O Nd7 13. g4 Bg6 14. Nc4 f6
15. Nh4 d5 16. Nd2 Bf7 17. Nf5 Bf8 18. f4 g6 19. Nh4 d4 20. fxe5 Nxe5 21. Rdf1
Be7 22. Nhf3 O-O 23. Kb1 Rab8 24. Nxe5 fxe5 25. h4 h6 26. Qh2 Be6 27. Qg3 Bd6
28. Bc1 Qg7 29. Rhg1 Rxf1 30. Rxf1 Qe7 31. Ka2 Rf8 32. Nf3 Bd7 33. Bxh6 Rf7 34.
Bd2 Bc7 35. Nh2 Rxf1 36. Nxf1 Qe6 37. Nh2 Bd8 38. h5 gxh5 39. gxh5+ Kh7 40. Nf3
c4 41. dxc4 Bf6 42. Ng5+ Bxg5 43. Qxg5 Be8 44. Bxa5 c5 45. Bc7 Bc6 46. Bxe5
Bxe4 47. Qg7# 1-0

[Event "Mechanics' Winter TNM; G/2 d5"]
[Site "San Francisco"]
[Date "2019.01.29"]
[Round "4.7"]
[White "Wong, Russell"]
[Black "Malykin, Erika"]
[Result "1/2-1/2"]
[WhiteElo "2200"]
[BlackElo "1628"]
[Annotator "Winslow,Elliott"]
[PlyCount "70"]
[EventDate "2019.01.08"]
[EventType "swiss"]
[EventRounds "8"]
[EventCountry "USA"]

1. e4 e5 2. Nc3 Bc5 3. f4 Bxg1 4. Rxg1 d6 5. fxe5 dxe5 6. Qf3 Nc6 7. Bb5 Bd7 8.
Bxc6 Bxc6 9. d3 Qh4+ 10. g3 Qxh2 11. Rh1 Qxc2 12. Rf1 O-O-O {[#]} 13. Qxf7 $4 (
13. d4 Rxd4 14. Qg4+ Kb8 15. Qxg7 Rxe4+ $11) 13... Qxd3 (13... Nf6 $1 14. Qxg7
Nd7 $19) 14. Qxg7 Ne7 $1 15. Qg4+ (15. Qxe7 $2 Qxg3+ 16. Rf2 (16. Ke2 Bb5+ $1
17. Nxb5 Qd3+ 18. Ke1 Qxe4+ 19. Kf2 Rhf8+ 20. Kg3 Rd3+) 16... Rhf8 17. Qc5 Qg1+
18. Ke2 Bb5+ $1 19. Nxb5 Qd1+ 20. Ke3 Qd3#) 15... Bd7 16. Qf3 Qxf3 17. Rxf3 Bg4
$6 (17... Nc6) (17... Rdf8) 18. Rf7 Nc6 (18... Rd7) 19. Nd5 Nd4 (19... Be6 $5
20. Rxc7+ Kb8 21. Rg7 (21. Bg5 Bxd5 22. Bxd8 Nxd8 23. Rc5 Bxe4) 21... Nd4 22.
Kf2 Rhf8+) 20. Rxc7+ Kb8 21. Rc3 Nf3+ 22. Kf2 Rhf8 23. Bh6 (23. Kg2) 23... Rf7
24. Kg2 Nd4 25. Re1 $6 (25. Bg5 Rd6 $17) 25... Rd6 (25... Rg8) 26. Bc1 Bf3+ 27.
Kh2 Bxe4 $6 28. Rxe4 Rxd5 29. Kg2 Nc6 (29... b6) 30. Be3 Rfd7 31. b4 Ne7 32. a4
Nf5 33. Bf2 Rg7 34. Rf3 Nd6 35. Re2 Rc7 1/2-1/2

[Event "Mechanics' Winter TNM; G/2 d5"]
[Site "San Francisco"]
[Date "2019.01.29"]
[Round "4.8"]
[White "Babayan, Gagik"]
[Black "Corper, Adam"]
[Result "1/2-1/2"]
[WhiteElo "1806"]
[BlackElo "2193"]
[Annotator "Winslow,Elliott"]
[PlyCount "57"]
[EventDate "2019.01.08"]
[EventType "swiss"]
[EventRounds "8"]
[EventCountry "USA"]

1. e4 Nf6 2. e5 Nd5 3. d4 d6 4. c4 Nb6 5. f4 dxe5 6. fxe5 c5 7. d5 g6 (7... e6)
8. Nf3 (8. Nc3 Bg7 9. Bf4) 8... Bg4 9. h3 Bxf3 10. Qxf3 Bg7 11. Qe4 O-O 12. Be2
e6 13. Nc3 N8d7 (13... exd5 14. cxd5 N8d7) 14. Bf4 (14. dxe6 Nxe5 15. O-O fxe6
$15) 14... exd5 15. cxd5 {[#]} Re8 (15... Nxe5 $1 16. O-O Re8 $17) (15... f5 $1
) 16. e6 (16. O-O Nxe5) 16... fxe6 17. d6 (17. dxe6 Nf8) 17... Nf6 18. Qd3 Nfd5
19. Bg3 c4 20. Qd2 Nxc3 21. bxc3 Nd5 22. Rc1 {[#]} Qa5 (22... Qb6 $1 $19) 23.
O-O Bxc3 24. Qg5 Bd2 25. Qe5 Ne3 (25... Nc3 $1 $17) 26. Qf6 Qd5 27. Qf7+ Kh8
28. Qf6+ Kg8 29. Qf7+ 1/2-1/2

[Event "Mechanics' Winter TNM; G/2 d5"]
[Site "San Francisco"]
[Date "2019.01.29"]
[Round "4.9"]
[White "Kuczek, Kevin W"]
[Black "Mercado, Adam"]
[Result "1-0"]
[WhiteElo "2003"]
[BlackElo "1714"]
[Annotator "Winslow,Elliott"]
[PlyCount "74"]
[EventDate "2019.01.08"]
[EventType "swiss"]
[EventRounds "8"]
[EventCountry "USA"]

1. e4 e5 2. Nf3 Nc6 3. d4 exd4 4. Nxd4 Bc5 5. Be3 Bb6 6. Nf5 g6 7. Bxb6 axb6 8.
Ne3 d6 9. Nc3 Nf6 10. Be2 Be6 11. O-O h5 12. Ned5 h4 13. h3 Nh5 14. Bg4 Bxg4
15. Qxg4 Ne5 16. Qd1 c6 17. f4 Nc4 18. Qd4 O-O 19. Qxc4 b5 20. Nxb5 cxd5 21.
Qxd5 Ng3 22. Rf3 Ra5 23. c4 Qf6 24. e5 Ne2+ 25. Kf2 ({One of the scores gives} 
25. Kh2 {, which only "matters" at the very end, when both players give 37...
Ne4"+".}) ({And of course the computer casts them both aside for} 25. Kf1 Nxf4
26. Qd2 dxe5 27. Qxa5) 25... Nxf4 26. exf6 (26. Qd2 $1) 26... Nxd5 27. Nxd6 $6
(27. a3) (27. b3) 27... Ra6 28. Nxb7 Nxf6 {A flurry of tactics, but still two
pawns down} 29. Nc5 Rd6 30. Re1 ({Rats, now} 30. Rxf6 $4 Rxf6+ {is check.}) ({
Stockfish prefers} 30. b4) 30... Nh5 (30... Rc8 $142) 31. Ne4 (31. Rd3) 31...
Rd4 32. b3 Kg7 33. Re2 Re8 34. Nc3 (34. Ng5 $1 Rxe2+ 35. Kxe2 Rd7 36. Ne4)
34... Red8 35. Nd5 $6 (35. Re7 Rd2+ 36. Kg1 Nf6 37. Rf2) 35... Ng3 36. Rc2 Re8
37. Re3 Ne4+ {So after 37..."Ne4+", both scoresheets say 38."Nc3". And end. I
give up. Well, Black gave up.} 1-0

[Event "Mechanics' Winter TNM; G/2 d5"]
[Site "San Francisco"]
[Date "2019.01.29"]
[Round "4.10"]
[White "Busch, Jonah"]
[Black "Clemens, Kristian"]
[Result "1/2-1/2"]
[WhiteElo "1799"]
[BlackElo "2002"]
[Annotator "Winslow,Elliott"]
[PlyCount "127"]
[EventDate "2019.01.08"]
[EventType "swiss"]
[EventRounds "8"]
[EventCountry "USA"]

1. e4 e5 2. d4 exd4 3. c3 d5 4. exd5 Nf6 $5 (4... Qxd5 5. cxd4 Nc6 6. Nf3 (6.
Be3 Nf6 7. a3 $5) 6... Bg4 7. Be2 Bb4+ 8. Nc3 Bxf3 9. Bxf3 Qc4 $11) 5. c4 (5.
Bb5+ Bd7 6. Bxd7+) 5... c6 6. Qxd4 cxd5 7. cxd5 Qxd5 8. Nf3 {Let the record
note that White has achieved a symmetrical position -- with Black on move.} Nc6
9. Qxd5 Nxd5 10. a3 Be7 11. Bc4 Nb6 12. Be2 O-O 13. Nc3 Be6 14. O-O Rad8 15.
Bf4 Nc4 16. b3 Nxa3 17. Bd1 Bf6 18. Rxa3 Bxc3 19. Be3 Bb4 20. Ra4 a5 21. Bc2 h6
22. Bb6 Rd5 23. Raa1 Rb5 24. Be3 Bc3 25. Rab1 Nb4 26. Bd4 Bxd4 27. Nxd4 Rb6 28.
Nxe6 Rxe6 29. Bd1 Rd8 30. Bf3 b6 31. Rfc1 Kf8 32. Kf1 g6 33. Be2 Rd2 34. Bc4
Rf6 35. f3 Rfd6 36. Re1 Ra2 37. Re2 Rdd2 38. Rbe1 Rxe2 39. Rxe2 Ra1+ 40. Re1
Ra2 41. Re2 Ra1+ 42. Re1 Rxe1+ 43. Kxe1 f6 44. Kd2 Ke7 45. Ke3 Kd6 46. h4 Nd5+
47. Kd4 Nb4 48. g4 Nc6+ 49. Ke4 Ne5 50. Be2 Nd7 51. Kd4 Nf8 52. Bc4 Ne6+ 53.
Ke4 Nc5+ 54. Kd4 a4 55. bxa4 Nxa4 56. f4 Nc5 57. g5 fxg5 58. fxg5 hxg5 59. hxg5
Ne6+ 60. Kc3 Ke5 61. Bd3 Nf8 62. Kc4 Kf4 63. Bxg6 Nxg6 64. Kb5 1/2-1/2

[Event "Mechanics' Winter TNM; G/2 d5"]
[Site "San Francisco"]
[Date "2019.01.29"]
[Round "4.11"]
[White "Lum, Michael K"]
[Black "Agdamag, Samuel Za"]
[Result "1/2-1/2"]
[WhiteElo "1941"]
[BlackElo "1506"]
[Annotator "Winslow,Elliott"]
[PlyCount "102"]
[EventDate "2019.01.08"]
[EventType "swiss"]
[EventRounds "8"]
[EventCountry "USA"]

1. c4 c5 2. g3 g6 3. Bg2 Bg7 4. Nc3 Nf6 5. e4 d6 6. Nge2 a6 7. O-O O-O 8. Rb1
Be6 9. d3 Qc8 10. Nf4 Bg4 11. f3 Bd7 12. Be3 Nc6 13. Qd2 Rb8 14. Kh1 b5 15.
Nfd5 Re8 16. Nxf6+ Bxf6 17. Nd5 Bg7 18. f4 Bh3 19. f5 Bxg2+ 20. Kxg2 bxc4 21.
Bh6 (21. dxc4 Ne5 22. b3 Ng4 23. Bg5) 21... cxd3 22. Bxg7 Kxg7 23. Nxe7 Nxe7
24. f6+ Kh8 25. fxe7 Rxe7 26. Qxd3 Qb7 27. Kg1 Qb6 28. Qc3+ Kg8 29. Qf6 Rbb7
30. Rbd1 Red7 31. Rf2 c4 32. Qd4 Qxd4 33. Rxd4 Rbc7 34. Rc2 c3 35. b3 Rc6 36.
Kf2 Kf8 37. Ke3 Ke7 38. Kd3 Ke6 39. Rc4 Rxc4 40. bxc4 Ke5 41. Rxc3 Rb7 42. c5
dxc5 43. Rxc5+ Kd6 44. Ra5 Rb6 45. Ke3 f6 46. Kf4 h6 47. h4 h5 48. a3 Ke6 49.
Rc5 Rd6 50. Ra5 Rc6 51. Ke3 Rd6 1/2-1/2

[Event "Mechanics' Winter TNM; G/2 d5"]
[Site "San Francisco"]
[Date "2019.01.29"]
[Round "4.13"]
[White "Mays, Jerry L"]
[Black "Yanofsky, Kevin"]
[Result "0-1"]
[WhiteElo "1700"]
[BlackElo "1915"]
[Annotator "Winslow,Elliott"]
[PlyCount "38"]
[EventDate "2019.01.08"]
[EventType "swiss"]
[EventRounds "8"]
[EventCountry "USA"]

1. e4 c5 2. Nf3 g6 3. d4 cxd4 4. Nxd4 Nc6 5. Be3 Bg7 6. Nc3 Nf6 7. Qd2 $2 Ng4 (
7... O-O $1 {and ...d5 next move or after} 8. Nb3 a5 9. a4 d5) 8. Nxc6 bxc6 $6
{I wouldn't guess this an error!} (8... dxc6 9. Qxd8+ Kxd8 $11) 9. O-O-O $2 (9.
Bd4 Bh6 10. Qe2) 9... Nxe3 10. Qxe3 Qa5 11. Bc4 O-O 12. g4 $2 (12. Bb3) (12. h4
h5 13. Bb3) 12... d6 13. h3 Be6 14. Bxe6 (14. Bb3 Bxb3 15. axb3 Qa1+ 16. Kd2
Qxb2 17. h4 (17. Rhe1)) 14... fxe6 15. Rdf1 (15. Rhf1) 15... Rab8 16. f4 (16.
a3) 16... Qb4 17. e5 Qxb2+ 18. Kd2 dxe5 19. fxe5 Rfd8+ 0-1

[Event "Mechanics' Winter TNM; G/2 d5"]
[Site "San Francisco"]
[Date "2019.01.29"]
[Round "4.14"]
[White "Robeal, Rafik"]
[Black "Maser, Thomas F"]
[Result "0-1"]
[WhiteElo "1716"]
[BlackElo "1907"]
[PlyCount "96"]
[EventDate "2019.01.08"]
[EventType "swiss"]
[EventRounds "8"]
[EventCountry "USA"]

1. Nf3 Nf6 2. d4 e6 3. g3 b6 4. Bg2 Bb7 5. O-O c5 6. c3 Be7 7. Nbd2 O-O 8. Re1
d5 9. Ne5 Qc7 10. Ndf3 Nc6 11. Bf4 Bd6 12. Rc1 Nh5 13. Bh3 Nxf4 14. gxf4 Rae8
15. Kh1 f6 16. Nxc6 Bxc6 17. e3 e5 18. dxe5 fxe5 19. Ng5 Rf6 20. f5 Qe7 21. Qg4
Rh6 22. f3 Qf6 23. Rg1 Re7 24. Rcd1 d4 25. e4 Be8 26. Bf1 b5 27. a4 c4 28. axb5
d3 29. b3 Bc5 30. Rg2 Be3 31. bxc4 d2 32. Ne6 Bh5 33. Qg3 Rxe6 34. c5 Re7 35.
Rgxd2 Bxd2 36. Rxd2 Rc7 37. Rd6 Qh4 38. Bc4+ Kh8 39. Rxh6 Qxg3 40. hxg3 gxh6
41. Be2 Rxc5 42. g4 Bf7 43. Kh2 Bc4 44. Bxc4 Rxc4 45. Kg3 Rxc3 46. Kh4 Rxf3 47.
g5 Rf4+ 48. Kh5 hxg5 0-1

[Event "Mechanics' Winter TNM; G/2 d5"]
[Site "San Francisco"]
[Date "2019.01.29"]
[Round "4.15"]
[White "Anderson, Michael"]
[Black "Cunningham, Charles"]
[Result "1-0"]
[WhiteElo "1903"]
[BlackElo "1414"]
[Annotator "Winslow,Elliott"]
[PlyCount "93"]
[EventDate "2019.01.08"]
[EventType "swiss"]
[EventRounds "8"]
[EventCountry "USA"]

1. e4 e5 2. Nf3 Nc6 3. d4 exd4 4. Nxd4 Ne5 $2 5. f4 Ng6 6. Be2 Bc5 7. Be3 d6 8.
O-O Nf6 9. Nc3 c6 10. g3 Bb4 11. Bf3 Bxc3 12. bxc3 O-O 13. Re1 Re8 14. Bf2 Re7
15. Qd3 Bg4 16. Bg2 Qa5 17. h3 Bd7 18. Nf5 Bxf5 19. exf5 Rxe1+ 20. Rxe1 Nf8 21.
c4 Qxa2 22. g4 Re8 23. Rxe8 Nxe8 24. Qe3 Nc7 25. Qxa7 Qb1+ 26. Bf1 Na6 27. c3
Nc5 28. Bxc5 dxc5 29. Qxc5 Qc1 30. Qe5 h6 31. Kf2 Qd2+ 32. Be2 b5 33. cxb5 cxb5
34. Qe3 Qd5 35. Bf3 Qa2+ 36. Kg3 Qa3 37. Qd4 Qe7 38. Qe5 Qd8 39. h4 Qd3 40. g5
Nd7 41. Qd4 Qxf5 42. Bg4 Qb1 43. Bxd7 hxg5 44. hxg5 Qe1+ 45. Kg2 Qe2+ 46. Qf2
Qe4+ 47. Qf3 {and White won.} 1-0